000 00753nam a2200217Ia 4500
001 17895
003 GE_BSU
008 181216s||||||||xx |||||||||||||| ||und||
040 _cGE_BSU
080 _a821.353.1-21
100 _aვაკელი, იონა (იონა ლუკას ძე მეგრელიძე)
245 _aგიორგი სააკაძე : ტრაგედია 4 მოქმედებად
245 _cრედ. ს.ჭილაია
260 _aთბილისი
260 _bსაბჭოთა მწერალი
260 _c1947
300 _a91გვ. ; 22 სმ
653 _aგიორგი სააკაძე
653 _aტრაგედია
942 _cBK
999 _c50938
_d50938